| 000 | 00563nam a22001577a 4500 | ||
|---|---|---|---|
| 003 | OSt | ||
| 005 | 20251118111442.0 | ||
| 008 | 251118b |||||||| |||| 00| 0 eng d | ||
| 040 |
_aDWCL-Main lib _cOC |
||
| 082 | _aFil. 336.2 A527c 2015 | ||
| 245 |
_aCPA reviewer in taxation/ _cAmpongan,Omar Erasmo G. |
||
| 260 |
_a[place of publication not identified] : [publishing company not identified]: c2019 _b [publishing company not identified]: _cc2019. |
||
| 300 |
_a702 pages: _billustration ; _c20cm. |
||
| 650 | _a1. Taxation | ||
| 942 |
_2ddc _cBK - FIL _kFil. _n0 |
||
| 999 |
_c5772 _d5772 |
||